000 01114nam a2200301 a 4500
003 BLK
005 20250416105528.0
008 210816b bul|||||r ||||||| ||bul||
020 _a9786190302148
040 _aBLK
041 _aBUL
_cBUL
080 _aАмериканска литература (на САЩ)
_b821.111(73)
_x-31
_z821.111(73)-31
084 _aН 85
100 _aНова Глас, Серафина
_9489069
245 1 0 _aНа тихата улица
_cСерафина Нова Глас ; прев. Теодора Божилчева
257 _aUSA
260 _aСофия
_bБард
_c2023
_f(София : Алианс Принт)
300 _a320 с.
_c20 см
380 _aX
500 _aОриг. загл.: On A Quiet Street / Seraphina Nova Glass .
700 _aБожилчева, Теодора Методиева
_d1966-
_9368435
852 _aЦб 320791
_bЦб
942 _cKNG
_n0
_s1
_0103
944 _cДиана Гривева
_k30529
_lДиана Гривева
999 _c495219
_d495219
999 _d495219
999 _d495219